Normal view MARC view

Entry Uniform Title

Number of records used in: 1

001 - CONTROL NUMBER

  • control field: 22633

003 - CONTROL NUMBER IDENTIFIER

  • control field: dpl

005 - DATE AND TIME OF LATEST TRANSACTION

  • control field: 20101004121351.0

008 - FIXED-LENGTH DATA ELEMENTS

  • fixed length control field: 101004|||a|||||| | ||| d

040 ## - CATALOGING SOURCE

  • Original cataloging agency: dpl
  • Transcribing agency: dpl

130 ## - HEADING--UNIFORM TITLE

  • Uniform title: कृष्णावतार-4

670 ## - SOURCE DATA FOUND

  • Source citation: Work cat.: (dpl)34292: कन्हैयालाल माणिकलाल मुंशी 22632, महाबली भीम /, 2010

670 ## - SOURCE DATA FOUND

  • Source citation: Work cat.: (dpl)34292: कन्हैयालाल माणिकलाल मुंशी 22632, महाबली भीम /, 2010

© Delhi Public Library
Hit Counter
free hit counter